Países por animales endémicos - Estadísticas

Estadísticas generales
  • Esta prueba ha sido intentada 61 veces
  • La puntuación promedio es 8 de 15
Estadísticas de respuestas
Hint Respuesta % Correcto
Koala Australia
100%
Lemur Madagascar
91%
Oso Panda China
89%
Kiwi Nueva Zelanda
79%
Dragón de Komodo Indonesia
75%
Lince siberiano Rusia
75%
Oso del Gobi Mongolia
43%
Tortuga Gigante de San Cristóbal Ecuador
42%
Leopardo de Ceilán Sri Lanka
36%
Monos de la nieve Japón
34%
Vaquita Marina Mexico
26%
Macaco de roca de Formosa Taiwan
25%
Tritón del Montseny España
23%
Rata canguro de Santa Cruz Estados unidos
15%
Rana del Loa Chile
11%
No se encontraron pruebas coincidentes
Distribución de puntuación
Porcentaje de gente con cada puntuación
Porcentaje por número respondido
Historial de tus puntuaciones
No has intentado esta prueba.